Statistics for April 10th: Birthdays

Click here to take the quiz!

General Stats

  • This quiz has been taken 4 times
  • The average score is 3 of 8

Answer Stats

YearClueAnswer% Correct
1992Actress in Star Wars: The Force AwakensDaisy Ridley
75%
1915Actor in M*A*S*HHarry Morgan
75%
1936Coach of the Oakland RaidersJohn Madden
75%
1988Actor in The Sixth SenseHaley Osment
50%
1794Commodore of the US NavyMatthew Perry
25%
1868Actor in DisraeliGeorge Arliss
0%
1929Actor in Game of ThronesMax Von Sydow
0%
1951Actor in Above the LawSteven Seagal
0%

Score Distribution

Percentile by Number Answered

Percent of People with Each Score

Your Score History

You have not taken this quiz